| 000 | 00904nam a2200301 a 4500 | ||
|---|---|---|---|
| 003 | AR-BaBNM | ||
| 005 | 20251128203309.0 | ||
| 008 | 082120s2002 ||||||||||||||000 | spa|| | ||
| 040 | _cAR-BaBNM | ||
| 100 | 1 | _aAlmena, Fernando | |
| 245 | 0 | 0 | _aMarcelo Crecepelos |
| 260 |
_aBuenos Aires _bStella _bBruño _c1992 |
||
| 300 |
_a133 p. _bil. |
||
| 490 | 0 |
_aAlta mar. Humor _vv. 3 |
|
| 500 | _aContiene biografía de los autores | ||
| 500 | _aGanador del premio internacional Vieira de Humor de narrativa | ||
| 500 | _aActividades, reflexiones y opiniones sobre el texto | ||
| 500 | _aViene acompañado de libro de actividades | ||
| 650 | 4 | _aCUENTO INFANTIL | |
| 650 | 4 | _aLITERATURA INFANTIL | |
| 650 | 4 | _aENSEÑANZA DE LA LECTURA | |
| 650 | 4 | _aACTIVIDADES DE APRENDIZAJE | |
| 650 | 4 | _aHUMOR | |
| 655 | _aLITERATURA | ||
| 700 | 1 | _aSáez Vacas, Rosa María | |
| 942 | _cBK | ||
| 998 | _cisola | ||
| 999 |
_c2774 _d2774 |
||